Statistics for Countries by Highest Percent of Land Cultivated

Click here to take the quiz!

General Stats

  • This quiz has been taken 49 times
  • The average score is 8 of 20

Answer Stats

%Land (km^2)Answer% Correct
57.01,891,761India
83%
57.6347,673Ukraine
76%
59.025,429Denmark
63%
64.221,764Moldova
59%
65.597,268Bangladesh
57%
41.131,853Serbia
50%
42.033,138Czech Republic
48%
48.713,538Haiti
39%
66.717Tuvalu
39%
43.3130Maldives
37%
76.31,709Comoros
33%
51.4361Micronesia
33%
50.7411Kiribati
30%
55.6100Marshall Islands
30%
49.027,832Togo
30%
54.515,151Burundi
28%
57.115,017Rwanda
28%
44.09,108El Salvador
24%
41.54,690Gambia
22%
49.7479Sao Tome and Principe
22%

Score Distribution

Percentile by Number Answered

Percent of People with Each Score

Your Score History

You have not taken this quiz